| 000 | 00704nam a2200217Ii 4500 | ||
|---|---|---|---|
| 003 | JO-AjNU | ||
| 008 | 230605s9999||||xx |||||||||||||| ||und|| | ||
| 017 | _a1974/4543 | ||
| 040 |
_aJO-AjNU _bara _erda _cJO-AjNU |
||
| 041 | _aara | ||
| 050 | 1 | 4 | _aBF721.K35.1991 |
| 100 | 3 |
_aعبد الفتاح،كاميليا, _eauthor _914545 |
|
| 245 | 0 | 0 | _aالعلاج النفسي الجماعي للأطفال باستخدام اللعب |
| 250 | _aط3 | ||
| 264 | 3 | 1 | _aالقاهرة:مكتبة النهضة المصرية،1991 |
| 300 | _a121ص | ||
| 336 |
_atext _btxt _2rdacontent |
||
| 337 |
_aunmediated _bn _2rdamedia |
||
| 338 |
_avolume _bnc _2rdacarrier |
||
| 650 | 4 |
_aاطفال-علم نفس _914546 |
|
| 999 |
_aA3904 _c7472 _d7472 |
||